|
|
|
|
| LEADER |
00000nab a2200000 a 4500 |
| 001 |
vtls010331106 |
| 003 |
SK-MaSNL |
| 005 |
20260411035637.0 |
| 008 |
171108c20110516xo drz 0 0slo |
| 038 |
|
|
|a KEVKJB
|
| 040 |
|
|
|a KEVKJB
|b slo
|c KEVKJB
|e AACR2
|
| 041 |
0 |
|
|a slo
|
| 044 |
|
|
|a xo
|c SK
|
| 080 |
|
|
|a 069.02
|2 2001
|
| 080 |
|
|
|a 72/76:069
|2 2001
|
| 245 |
1 |
0 |
|a Hľadali permoníka a tancovali s Indiánmi
|b noc múzeí a galérií si podmanili tisícky Košičanov
|c Andrea Nitkulincová
|
| 300 |
|
|
|b Fotogr.
|
| 611 |
2 |
7 |
|a Noc múzeí a galérií
|n (7. :
|d 2011 :
|c Košice, Slovensko)
|2 kevkjb
|9 1099518
|
| 651 |
|
7 |
|a Košice (Slovensko)
|2 kevkjb
|9 18694
|
| 773 |
0 |
|
|t Košický Korzár
|g Roč. XIV., č. 112 (16.5.2011), s. 3
|x 1335-4566
|
| 852 |
|
|
|a KEVKJB
|b KIS3GCP
|
| 999 |
|
|
|c 1807204
|d 1809134
|